Study on procedure provincial spatial planning, សិក្សាអំពីការរៀបចំនីតិវិធីនៃផែនការរៀបចំដែនដីថ្នាក់ខេត្ត (Record no. 7459)
[ view plain ]
| 000 -LEADER | |
|---|---|
| fixed length control field | 00558nam a22001457a 4500 |
| 003 - CONTROL NUMBER IDENTIFIER | |
| control field | OSt |
| 005 - DATE AND TIME OF LATEST TRANSACTION | |
| control field | 20160310092057.0 |
| 008 - FIXED-LENGTH DATA ELEMENTS--GENERAL INFORMATION | |
| fixed length control field | 160310b xxu||||| |||| 00| 0 eng d |
| 040 ## - CATALOGING SOURCE | |
| Transcribing agency | RUA |
| 082 ## - DEWEY DECIMAL CLASSIFICATION NUMBER | |
| Classification number | LMA SOR 2014 B467 Or.1 |
| 100 ## - MAIN ENTRY--PERSONAL NAME | |
| 9 (RLIN) | 7864 |
| Personal name | SOR DEANG; ស ឌាង |
| 245 ## - TITLE STATEMENT | |
| Title | Study on procedure provincial spatial planning, សិក្សាអំពីការរៀបចំនីតិវិធីនៃផែនការរៀបចំដែនដីថ្នាក់ខេត្ត |
| 300 ## - PHYSICAL DESCRIPTION | |
| Extent | iv,84p. |
| Other physical details | ill. |
| Dimensions | 29cm. |
| 942 ## - ADDED ENTRY ELEMENTS (KOHA) | |
| Source of classification or shelving scheme | |
| Koha item type | LMA |
| Price effective from | Date last seen | Permanent Location | Not for loan | Date acquired | Source of classification or shelving scheme | Koha item type | Lost status | Withdrawn status | Total Renewals | Date last checked out | Total Checkouts | Shelving location | Damaged status | Barcode | Current Location | Full call number |
|---|---|---|---|---|---|---|---|---|---|---|---|---|---|---|---|---|
| 2016-03-10 | 2016-03-10 | Library Block B | 2016-03-10 | LMA | B467 | RUA056184 | Library Block B | LMA SOR 2014 B467 Or.1 | ||||||||
| 2016-03-10 | 2017-10-10 | Library Block B | 2016-03-10 | LMA | 2017-09-29 | 1 | B467 | RUA055931 | Library Block B | LMA SOR 2014 B467 Or.2 | ||||||
| 2016-03-10 | 2023-04-21 | Library Block B | 2016-03-10 | LMA | 2023-03-31 | 2 | B467 | RUA055970 | Library Block B | LMA SOR 2014 B467 Or.3 | ||||||
| 2016-03-10 | 2020-11-10 | Library Block B | 2016-03-10 | LMA | 2020-09-09 | 1 | B467 | RUA055849 | Library Block B | LMA SOR 2014 B467 Or.4 | ||||||
| 2016-03-10 | 2025-01-27 | Library Block B | 2016-03-10 | LMA | 2025-01-04 | 3 | B467 | RUA056174 | Library Block B | LMA SOR 2014 B467 Or.5 | ||||||
| 2016-03-10 | 2023-04-26 | Library Block B | 2016-03-10 | LMA | 2023-03-21 | 2 | B467 | RUA055915 | Library Block B | LMA SOR 2014 B467 Or.6 | ||||||
| 2016-03-10 | 2023-08-11 | Library Block B | 2016-03-10 | LMA | 1 | 2023-07-28 | 2 | B467 | RUA055683 | Library Block B | LMA SOR 2014 B467 Or.7 | |||||
| 2016-03-10 | 2016-03-10 | Library Block B | 2016-03-10 | LMA | B467 | RUA055904 | Library Block B | LMA SOR 2014 B467 Or.8 |